000 00422nam a2200157Ia 4500
008 210716s2011 xx 000 0 und d
020 _a9788177222524
041 _aeng
082 _a658.15 GOYM
100 _aGoyal, Meena.
245 _aStrategic financial management: text and cases.
_bText and cases.
250 _a1
260 _aNew Delhi
_bBiztantra
_c2011
300 _axxv,301
650 _aManagement Accounting
999 _c207434
_d207434